Wavell, scholar and soldier / (Record no. 9941)
[ view plain ]
| 000 -LEADER | |
|---|---|
| fixed length control field | 00804cam a22002651 4500 |
| 001 - CONTROL NUMBER | |
| JCCL Control Number | 9941 |
| 003 - CONTROL NUMBER IDENTIFIER | |
| JCCL marc code | BD-JhCC |
| 005 - DATE AND TIME OF LATEST TRANSACTION | |
| control field | 20180403183508.0 |
| 008 - FIXED-LENGTH DATA ELEMENTS--GENERAL INFORMATION | |
| fixed length control field | 180403r1965uuuunyuabc b 000 0beng |
| 035 ## - SYSTEM CONTROL NUMBER | |
| system control number | (BD-JhCC)9941 |
| 035 ## - SYSTEM CONTROL NUMBER | |
| system control number | (OCoLC)223422 |
| -- | BD-JhCC |
| 040 ## - CATALOGING SOURCE | |
| Original cataloging agency | DLC |
| Transcribing agency | OUrC |
| Modifying agency | OCoLC |
| -- | DLC |
| -- | BD-JhCC |
| 041 ## - LANGUAGE CODE | |
| Language code of Book | eng |
| 050 00 - LIBRARY OF CONGRESS CALL NUMBER | |
| Classification number | DA69.3.W37 |
| Item number | R6 1965 |
| 082 ## - DEWEY DECIMAL CLASSIFICATION NUMBER | |
| Classification number | 923.542 |
| Author mark and Year | CON 1965 |
| 100 1# - MAIN ENTRY--PERSONAL NAME | |
| Personal name | Connell, John, |
| Dates associated with a name | 1909-1965. |
| 245 10 - TITLE STATEMENT | |
| Title | Wavell, scholar and soldier / |
| Statement of responsibility, etc | by John Connell. |
| 250 ## - EDITION STATEMENT | |
| Edition statement | [1st American ed.] |
| 260 ## - PUBLICATION, DISTRIBUTION, ETC. (IMPRINT) | |
| Place of publication, distribution, etc | New York : |
| Name of publisher, distributor, etc | Harcourt, Brace & World, |
| Date of publication, distribution, etc | [1965, c1964]. |
| 300 ## - PHYSICAL DESCRIPTION | |
| Pagination | 573 p. |
| Other physical details | illus., maps, ports. |
| Dimensions | 24 cm. |
| 504 ## - BIBLIOGRAPHY, ETC. NOTE | |
| Bibliography, etc | Bibliography: p. 543-545. |
| 600 10 - SUBJECT ADDED ENTRY--PERSONAL NAME | |
| Personal name | Wavell, Archibald Percival Wavell, |
| Titles and other words associated with a name | Earl of, |
| Dates associated with a name | 1883-1950. |
| 942 ## - ADDED ENTRY ELEMENTS (KOHA) | |
| Source of classification or shelving scheme | Dewey Decimal Classification |
| Koha item type | Reference |
| Source of classification or shelving scheme | Damaged status | Not for loan | Home library | Current library | Shelving location | Date of accession | Total Checkouts | Full call number | Barcode | Date last seen | Copy number | Koha item type |
|---|---|---|---|---|---|---|---|---|---|---|---|---|
| Dewey Decimal Classification | JCC Rouf Library | JCC Rouf Library | General Stacks | 04/03/2018 | 923.542 CON 1965 | 13340 | 04/03/2018 | C-1 | Reference |